[Event "71. C.to Provinciale VE"]
[Site "Mestre Capablanca ITA"]
[Date "2011.11.16"]
[Round "4.10"]
[White "Dei Rossi, Davide"]
[Black "Bellon, Antonio"]
[Result "1-0"]
[WhiteElo "1486"]
[BlackElo "1533"]
[Annotator "Gabriele Ballarin"]
[PlyCount "112"]
[EventDate "2011.01.14"]
[EventType "swiss"]
[EventRounds "5"]
[EventCountry "ITA"]

1. d4 d5 2. c4 e6 3. Nf3 Nf6 4. Bg5 Be7 5. Nc3 Nbd7 6. Rc1 c6 7. Bf4 Nh5 8. Bd2 Ndf6 9. e3 Bb4 10. Ne5 g6 11. Rc2 Bxc3 12. bxc3 Ne4 13. cxd5 exd5 14. c4 Be6 15. cxd5 Qf6 16. Nf3 Bxd5 17. Bc4 O-O-O 18. Ba5 b6 19. Ba6+ Kc7 20. Bb4 Rhe8 21. O-O Qe6 22. Qb1 Ng5 23. Nxg5 Qg4 24. f3 Qxg5 25. Bd2 Be6 26. e4 Nf4 27. Bxf4+ Qxf4 28. d5 Bd7 29. dxc6 Bxc6 30. Rfc1 Re6 31. Qb3 Qe5 32. Bb5 Qd4+ 33. Kf1 Rdd6 34. Rc4 Qf6 35. g3 Kb7 36. Bxc6+ Rxc6 37. Rxc6 Rxc6 38. Rxc6 Kxc6 39. Ke2 Qe6 40. Qc3+ Kb5 41. Qd3+ Qc4 42. f4 Kc5 43. Qxc4+ Kxc4 44. Ke3 Kc3 45. e5 b5 46. g4 b4 47. f5 Kb2 48. e6 Kxa2 49. exf7 b3 50. f8=Q b2 51. Qf7+ Kb1 52. Kd2 a5 53. Qa7 gxf5 54. gxf5 h5 55. Qxa5 h4 56. Kc3 h3 1-0

[Event "71. C.to Provinciale VE"]
[Site "Mestre Capablanca ITA"]
[Date "2011.11.16"]
[Round "4.11"]
[White "Cecchetto, Vanni"]
[Black "Pasqualetto, Lorenzo"]
[Result "1-0"]
[WhiteElo "1930"]
[BlackElo "1691"]
[Annotator "Gabriele Ballarin"]
[PlyCount "39"]
[EventDate "2011.01.14"]
[EventType "swiss"]
[EventRounds "5"]
[EventCountry "ITA"]

1. e4 c5 2. d4 cxd4 3. c3 dxc3 4. Nxc3 Nc6 5. Nf3 d6 6. Bc4 e6 7. O-O Nf6 8. Bg5 Be7 9. Qe2 a6 10. Rfd1 Qc7 11. Bxf6 Bxf6 12. Nd5 Qd8 13. Nxf6+ gxf6 14. Rd2 Ke7 15. Rad1 b5 16. e5 d5 17. exf6+ Ke8 18. Bxd5 Qc7 19. Qe4 Bb7 20. Bxc6+ 1-0

[Event "71. C.to Provinciale VE"]
[Site "Mestre Capablanca ITA"]
[Date "2011.11.16"]
[Round "5.1"]
[White "Velluti, Alberto"]
[Black "Bortolussi, Andrea"]
[Result "1/2-1/2"]
[WhiteElo "1924"]
[BlackElo "1954"]
[Annotator "Gabriele Ballarin"]
[PlyCount "39"]
[EventDate "2011.01.14"]
[EventType "swiss"]
[EventRounds "5"]
[EventCountry "ITA"]

1. e4 e5 2. Nf3 Nf6 3. Nxe5 d6 4. Nf3 Nxe4 5. d4 d5 6. Bd3 Be7 7. Bf4 Bg4 8. Nbd2 Nxd2 9. Qxd2 Bxf3 10. gxf3 Nc6 11. c3 Qd7 12. O-O-O O-O-O 13. Rde1 a6 14. Re2 Bd6 15. Bg3 Rhe8 16. Rhe1 Rxe2 17. Rxe2 g6 18. Qg5 f5 19. Qf6 Rf8 20. Qg5 1/2-1/2

[Event "71. C.to Provinciale VE"]
[Site "Mestre Capablanca ITA"]
[Date "2011.11.16"]
[Round "5.2"]
[White "Cedriano, Filippo"]
[Black "Maccapan, Fabio"]
[Result "1/2-1/2"]
[WhiteElo "2014"]
[BlackElo "2024"]
[Annotator "Gabriele Ballarin"]
[PlyCount "26"]
[EventDate "2011.01.14"]
[EventType "swiss"]
[EventRounds "5"]
[EventCountry "ITA"]

1. e4 e5 2. Nf3 Nf6 3. Nxe5 d6 4. Nf3 Nxe4 5. Nc3 Nf6 6. d4 Bg4 7. Be2 Be7 8. h3 Bh5 9. Bg5 h6 10. Bxf6 Bxf6 11. Ne4 Nd7 12. O-O O-O 13. Re1 Re8 1/2-1/2

[Event "71. C.to Provinciale VE"]
[Site "Mestre Capablanca ITA"]
[Date "2011.01.16"]
[Round "5.3"]
[White "Biagioli, Valerio"]
[Black "Ballarin, Gabriele"]
[Result "0-1"]
[WhiteElo "1930"]
[BlackElo "1818"]
[Annotator "Gabriele Ballarin"]
[PlyCount "128"]
[EventDate "2011.01.14"]
[EventType "swiss"]
[EventRounds "5"]
[EventCountry "ITA"]

1. d4 d6 2. c4 e5 3. d5 Nd7 4. e4 a5 5. Nc3 g6 6. Be3 Bg7 7. Bd3 Nc5 8. Bc2 Ne7 9. Nge2 b6 10. O-O O-O 11. f4 f5 12. Qd2 Nxe4 13. Nxe4 fxe4 14. fxe5 Bxe5 15. Rxf8+ Qxf8 16. Rf1 Qe8 17. Bh6 Nf5 18. Bxe4 Nxh6 19. Qxh6 Bg7 20. Qf4 Bd7 21. b3 Qe7 22. Bf3 Be5 23. Qh6 Rf8 24. h3 Bg7 25. Qc1 Rxf3 26. Rxf3 Qxe2 27. Qf1 Bd4+ 28. Kh1 Qe7 29. Qd3 Be5 30. Qe2 Kg7 31. Qf2 h5 32. Re3 Qg5 33. Rf3 Bf5 34. Qf1 Kh6 35. Qe1 Kg7 36. a3 Qd8 37. b4 axb4 38. axb4 Qa8 39. Re3 Kf7 40. Rxe5 dxe5 41. Qxe5 Qd8 42. c5 bxc5 43. bxc5 Qe7 44. Qc3 Be4 45. Qd4 Bf5 46. d6 cxd6 47. cxd6 Qd7 48. Qe5 Qe8 49. Qf4 Qe4 50. Qg3 Ke6 51. Qa3 Qe1+ 52. Kh2 Qe5+ 53. Kg1 Qd4+ 54. Kh1 Qd1+ 55. Kh2 Qxd6+ 56. Qxd6+ Kxd6 57. Kg3 g5 58. Kf3 Ke5 59. Ke3 Be4 60. Kf2 Kd4 61. Kg3 Ke3 62. h4 g4 63. Kh2 Kf2 64. g3 Bh7 0-1

[Event "71. C.to Provinciale VE"]
[Site "Mestre Capablanca ITA"]
[Date "2011.11.16"]
[Round "5.4"]
[White "Aprile, Martino"]
[Black "Bortolussi, Francesco"]
[Result "1-0"]
[WhiteElo "1874"]
[BlackElo "1753"]
[Annotator "Gabriele Ballarin"]
[PlyCount "67"]
[EventDate "2011.01.14"]
[EventType "swiss"]
[EventRounds "5"]
[EventCountry "ITA"]

1. g3 d5 2. d4 c6 3. Bg2 Nf6 4. Bg5 Nbd7 5. Nd2 h6 6. Bxf6 Nxf6 7. Ngf3 Bf5 8. O-O e6 9. Rc1 Be7 10. a3 O-O 11. Re1 Qb6 12. Rb1 c5 13. Nb3 Rac8 14. Rc1 c4 15. Na1 Rc7 16. Rb1 Qd6 17. Nd2 Qd7 18. e4 dxe4 19. Nxe4 Nxe4 20. Bxe4 Bxe4 21. Rxe4 c3 22. b4 a5 23. bxa5 Bxa3 24. Nb3 Bb4 25. d5 Qb5 26. dxe6 Rc4 27. Qd3 Rfc8 28. Qd7 Qf5 29. Rxc4 Rxc4 30. Nd4 Qf6 31. Rxb4 Rxb4 32. e7 Rxd4 33. e8=Q+ Kh7 34. Qdxf7 1-0

[Event "71. C.to Provinciale VE"]
[Site "Mestre Capablanca ITA"]
[Date "2011.11.16"]
[Round "5.5"]
[White "Penzo, Amleto"]
[Black "Dei Rossi, Davide"]
[Result "0-1"]
[WhiteElo "1790"]
[BlackElo "1486"]
[Annotator "Gabriele Ballarin"]
[PlyCount "162"]
[EventDate "2011.01.14"]
[EventType "swiss"]
[EventRounds "5"]
[EventCountry "ITA"]

1. d4 Nf6 2. Nf3 d5 3. e3 Bf5 4. Nbd2 Nc6 5. c4 e6 6. a3 Bd6 7. Be2 Qd7 8. c5 Be7 9. O-O b6 10. b4 O-O 11. Bb2 h6 12. Rc1 a6 13. Qb3 b5 14. Rfd1 Rfb8 15. Bd3 a5 16. Bxf5 exf5 17. Ne5 Qe6 18. Nxc6 Qxc6 19. Nf3 a4 20. Qc2 Ne4 21. Ne5 Qe6 22. f3 Ng5 23. Re1 Nh7 24. Nd3 g5 25. Qe2 Nf6 26. Ne5 c6 27. Rf1 Kh7 28. Rce1 Rg8 29. Qc2 Kh8 30. Qe2 h5 31. Kh1 Rg7 32. Rg1 g4 33. fxg4 hxg4 34. g3 Ne4 35. Rg2 Rh7 36. Rf1 Rf8 37. Nd3 Bd8 38. Nf4 Qd7 39. Qc2 Bc7 40. Ne2 Kg7 41. Nc3 Ng5 42. Qxf5 Qxf5 43. Rxf5 Kg6 44. Rff2 Rg7 45. e4 Nf3 46. e5 f6 47. Ne2 fxe5 48. dxe5 Re8 49. Nf4+ Kf5 50. Nd3 Rge7 51. Ne1 Bxe5 52. Bxe5 Rxe5 53. Nxf3 gxf3 54. Rxf3+ Kg5 55. Rgf2 Re1+ 56. Kg2 R8e6 57. h4+ Kg6 58. g4 R1e2 59. Rxe2 Rxe2+ 60. Kg3 Re8 61. h5+ Kg7 62. Kh4 Re4 63. Kg5 Re5+ 64. Kh4 Re4 65. h6+ Kg6 66. Kg3 Kxh6 67. Rf6+ Kg5 68. Rxc6 Rxg4+ 69. Kf3 Rf4+ 70. Ke3 Re4+ 71. Kd3 Kf4 72. Rf6+ Ke5 73. Rb6 Rd4+ 74. Kc3 Rc4+ 75. Kb2 d4 76. Rxb5 d3 77. c6+ Kd6 78. c7 d2 79. c8=N+ Rxc8 80. Rc5 d1=Q 81. Rxc8 Qb3+ 0-1

[Event "71. C.to Provinciale VE"]
[Site "Mestre Capablanca ITA"]
[Date "2011.11.16"]
[Round "5.6"]
[White "Fracasso Pezzolato, Michele"]
[Black "Gaion, Giancarlo"]
[Result "1-0"]
[WhiteElo "1825"]
[BlackElo "1914"]
[Annotator "Gabriele Ballarin"]
[PlyCount "53"]
[EventDate "2011.01.14"]
[EventType "swiss"]
[EventRounds "5"]
[EventCountry "ITA"]

1. e4 e6 2. d4 d5 3. e5 c5 4. c3 Ne7 5. a3 Nec6 6. b4 cxd4 7. cxd4 Be7 8. Nf3 Nd7 9. Bd3 O-O 10. Nc3 a6 11. Ne2 f6 12. Nf4 Nb6 13. O-O Bd7 14. exf6 Bxf6 15. Qc2 Ne7 16. Bxh7+ Kh8 17. Ng6+ Nxg6 18. Bxg6 Be8 19. Re1 Bxg6 20. Qxg6 Qd7 21. Ne5 Bxe5 22. Rxe5 Rf6 23. Rh5+ Kg8 24. Qh7+ Kf7 25. Bh6 Rg6 26. Rh3 e5 27. Rf3+ 1-0

[Event "71. C.to Provinciale VE"]
[Site "Mestre Capablanca ITA"]
[Date "2011.11.16"]
[Round "5.8"]
[White "Stradiotto, Angelo"]
[Black "Pomponio, Stefano"]
[Result "1-0"]
[WhiteElo "1473"]
[BlackElo "1525"]
[Annotator "Gabriele Ballarin"]
[PlyCount "45"]
[EventDate "2011.01.14"]
[EventType "swiss"]
[EventRounds "5"]
[EventCountry "ITA"]

1. e4 e5 2. Nf3 Nc6 3. Bc4 d6 4. Nc3 Bg4 5. Bxf7+ Kxf7 6. d3 Bxf3 7. Qxf3+ Nf6 8. Nd5 Nd4 9. Qd1 Nxd5 10. exd5 Qf6 11. O-O h6 12. f4 Ke7 13. fxe5 Qg6 14. e6 c6 15. Rf4 Nf5 16. Qf1 cxd5 17. Rxf5 Qxe6 18. Bd2 Kd7 19. Re1 Qg6 20. d4 Kc6 21. c4 dxc4 22. Qxc4+ Kd7 23. Rf7+ 1-0

[Event "71. C.to Provinciale VE"]
[Site "Mestre Capablanca ITA"]
[Date "2011.11.16"]
[Round "5.9"]
[White "Civitareale, Alberto"]
[Black "Cecchetto, Vanni"]
[Result "0-1"]
[WhiteElo "1619"]
[BlackElo "1930"]
[Annotator "Gabriele Ballarin"]
[PlyCount "106"]
[EventDate "2011.01.14"]
[EventType "swiss"]
[EventRounds "5"]
[EventCountry "ITA"]

1. e4 e5 2. Nf3 Nc6 3. Bc4 Bc5 4. c3 Nf6 5. d4 exd4 6. cxd4 Bb4+ 7. Bd2 Nxe4 8. Bxb4 Nxb4 9. Bxf7+ Kf8 10. Qb3 d6 11. O-O Bg4 12. Nbd2 Ng5 13. Bc4 Nxf3+ 14. Nxf3 Nc6 15. Be6 Bh5 16. Qd5 g6 17. Ng5 Ne5 18. h4 h6 19. dxe5 hxg5 20. g4 gxh4 21. Qf3+ Kg7 22. Qc3 d5 23. f4 Qe7 24. f5 gxf5 25. Bxf5 Be8 26. e6+ Kg8 27. Qe3 Rd8 28. Rf4 c5 29. g5 d4 30. Qd3 Bc6 31. Re1 Rh5 32. Re5 Kg7 33. Bg4 c4 34. Qxc4 Rxg5 35. Rxg5+ Qxg5 36. Rxd4 Rxd4 $4 (36... Qe3+ $1) 37. Qxd4+ Qf6 38. Qxf6+ Kxf6 39. a3 Kg5 40. Bh3 b6 41. Kf2 a5 42. Ke3 Kf6 43. Kf4 Bd5 44. b4 axb4 45. axb4 Bxe6 46. Bg2 Bd7 47. Bf3 Ke7 48. Ke5 h3 49. Kd5 Bb5 50. Ke5 Bf1 51. Kf4 Bg2 52. Kg3 Bxf3 53. Kxf3 Kd6 0-1

[Event "71. C.to Provinciale VE"]
[Site "Mestre Capablanca ITA"]
[Date "2011.11.16"]
[Round "5.10"]
[White "Gabassi, Cristina"]
[Black "Zanlorenzi, Marco"]
[Result "1-0"]
[WhiteElo "1628"]
[BlackElo "1444"]
[Annotator "Gabriele Ballarin"]
[PlyCount "61"]
[EventDate "2011.01.14"]
[EventType "swiss"]
[EventRounds "5"]
[EventCountry "ITA"]

1. e4 e5 2. Nf3 Nf6 3. Nc3 Nc6 4. Bc4 b6 5. d3 Bb7 6. Bg5 Be7 7. O-O d6 8. Qd2 Na5 9. Bb3 Nxb3 10. axb3 h6 11. Bxf6 Bxf6 12. Nd5 Bxd5 13. exd5 O-O 14. Rfe1 Kh7 15. d4 Re8 16. dxe5 dxe5 17. Qd3+ g6 18. Ra4 Bg7 19. Rea1 f5 20. Qd2 e4 21. Ne1 Bxb2 22. R1a2 Qf6 23. Rxa7 Rxa7 24. Rxa7 e3 25. Rxc7+ Kg8 26. fxe3 Rxe3 27. Nf3 Re4 28. Rc6 Qf7 29. d6 Qa7 30. Rc8+ Kh7 31. Rc7+ 1-0

[Event "71. C.to Provinciale VE"]
[Site "Mestre Capablanca ITA"]
[Date "2011.11.16"]
[Round "5.11"]
[White "Bellon, Antonio"]
[Black "Loris, Stefano"]
[Result "1/2-1/2"]
[WhiteElo "1533"]
[BlackElo "1694"]
[Annotator "Gabriele Ballarin"]
[PlyCount "90"]
[EventDate "2011.01.14"]
[EventType "swiss"]
[EventRounds "5"]
[EventCountry "ITA"]

1. e4 c6 2. d4 d5 3. Nc3 g6 4. e5 e6 5. f4 Nh6 6. Nf3 Be7 7. Be3 Nd7 8. Qd2 Nf5 9. Bf2 Qb6 10. O-O-O O-O 11. h4 Ng7 12. g4 a5 13. Bd3 c5 14. h5 c4 15. Be2 Qc6 16. f5 exf5 17. h6 Ne8 18. gxf5 b5 19. Rdg1 b4 20. Nd1 Qa4 21. Kb1 c3 22. Qc1 Qc6 23. b3 Ba6 24. Bxa6 Rxa6 25. f6 Nexf6 26. exf6 Bxf6 27. a4 Rb8 28. Bg3 Rb7 29. Re1 Kf8 30. Qe3 Nb6 31. Be5 Re7 32. Qf4 Nd7 33. Bxf6 Qxf6 34. Qxf6 Rxf6 35. Rxe7 Kxe7 36. Ng5 Nf8 37. Ne3 Rd6 38. Ng4 f6 39. Re1+ Kd7 40. Nf3 g5 41. Kc1 Ng6 42. Kd1 Nf4 43. Rh1 Ke7 44. Re1+ Kf7 45. Ne3 Kg6 1/2-1/2

[Event "71.Camp:Prov. Verona"]
[Site "Valeggio sul Mincio ITA"]
[Date "2011.01.22"]
[Round "1.10"]
[White "Zanchetta, Nicola"]
[Black "Jirillo, Antonio"]
[Result "1-0"]
[WhiteElo "1857"]
[BlackElo "1538"]
[Annotator "Gabriele Ballarin"]
[PlyCount "67"]
[EventDate "2011.01.30"]
[EventType "swiss"]
[EventRounds "6"]
[EventCountry "ITA"]

1. e4 d5 2. exd5 Qxd5 3. Nf3 Bg4 4. Be2 Nf6 5. O-O Nc6 6. c4 Qh5 7. d4 e6 8. Nc3 Bd6 9. h3 Bf5 10. c5 Be7 11. Ne5 Qh4 12. Nxc6 bxc6 13. Bf3 Nd5 14. Nxd5 exd5 15. Re1 O-O 16. g3 Qf6 17. g4 Be6 18. g5 Qf5 19. Bg4 Qg6 20. h4 Bxg4 21. Qxg4 f5 22. Qf3 Rfe8 23. Bf4 h6 24. h5 Qf7 25. g6 Qf6 26. Re5 Qh4 27. Rae1 Rab8 28. b3 Rb4 29. Bg3 Qg4 30. Qxg4 fxg4 31. Rxe7 Rxe7 32. Rxe7 Kf8 33. Rf7+ Ke8 34. Be5 1-0

[Event "71.Camp:Prov. Verona"]
[Site "Valeggio sul Mincio ITA"]
[Date "2011.01.23"]
[Round "2.1"]
[White "Bertani, Gianfranco"]
[Black "Zanchetta, Nicola"]
[Result "1-0"]
[WhiteElo "2063"]
[BlackElo "1857"]
[Annotator "Gabriele Ballarin"]
[PlyCount "99"]
[EventDate "2011.01.30"]
[EventType "swiss"]
[EventRounds "6"]
[EventCountry "ITA"]

1. Nf3 d5 2. b3 Nf6 3. Bb2 Nbd7 4. e3 c6 5. d4 e6 6. Bd3 Bd6 7. Ne5 Qa5+ 8. Nd2 Bb4 9. a3 Bxd2+ 10. Qxd2 Qxd2+ 11. Kxd2 Nxe5 12. dxe5 Nd7 13. a4 Nc5 14. Be2 b6 15. a5 b5 16. Ba3 Nd7 17. Bd6 a6 18. c4 f6 19. cxb5 cxb5 20. f4 Bb7 21. Rhc1 Rc8 22. Rxc8+ Bxc8 23. Rc1 Kd8 24. Bf3 Rg8 25. e4 dxe4 26. Bxe4 f5 27. Bf3 g5 28. fxg5 Rxg5 29. Ke3 f4+ 30. Kd4 Rg8 31. Rc7 h6 32. Ra7 Rg7 33. Ra8 h5 34. Bb7 Nb6 35. axb6 Rxb7 36. Kc5 Kd7 37. Bf8 h4 38. h3 Kd8 39. Bh6 Rf7 40. Bxf4 Rg7 41. Kc6 Rxg2 42. b7 Rc2+ 43. Kd6 a5 44. Rxc8+ Rxc8 45. Bg5+ Ke8 46. bxc8=Q+ Kf7 47. Qxe6+ Kg7 48. Qh6+ Kg8 49. Qg6+ Kh8 50. Bf6# 1-0

[Event "71.Camp:Prov. Verona"]
[Site "Valeggio sul Mincio ITA"]
[Date "2011.01.23"]
[Round "3.8"]
[White "Zanchetta, Nicola"]
[Black "Gioga, Michele"]
[Result "1/2-1/2"]
[WhiteElo "1857"]
[BlackElo "1682"]
[Annotator "Gabriele Ballarin"]
[PlyCount "48"]
[EventDate "2011.01.30"]
[EventType "swiss"]
[EventRounds "6"]
[EventCountry "ITA"]

1. d4 d5 2. c4 e5 3. dxe5 d4 4. a3 Nc6 5. Nf3 Be6 6. e3 Bc5 7. b4 Be7 8. exd4 Bg4 9. Bb2 Qd7 10. Be2 O-O-O 11. d5 Nb8 12. Nbd2 Nh6 13. Nd4 Bxe2 14. Qxe2 c5 15. Nc2 Qf5 16. Qe4 Na6 17. Qxf5+ Nxf5 18. b5 Nb8 19. Ne4 b6 20. d6 Bf8 21. h4 Nd7 22. f4 Re8 23. O-O-O f6 24. g4 Nh6 1/2-1/2

[Event "71.Camp:Prov. Verona"]
[Site "Valeggio sul Mincio ITA"]
[Date "2011.01.29"]
[Round "4.7"]
[White "Pisani, Valerio"]
[Black "Zanchetta, Nicola"]
[Result "0-1"]
[WhiteElo "1744"]
[BlackElo "1857"]
[Annotator "Gabriele Ballarin"]
[PlyCount "134"]
[EventDate "2011.01.30"]
[EventType "swiss"]
[EventRounds "6"]
[EventCountry "ITA"]

1. Nc3 d5 2. e4 d4 3. Nce2 c5 4. Ng3 e5 5. Bc4 Nf6 6. d3 Qc7 7. Nf3 Bd7 8. Ng5 b5 9. Bxf7+ Ke7 10. Bh5 g6 11. Be2 h6 12. Nh3 Bg7 13. Ng1 c4 14. Nf3 a5 15. O-O g5 16. h3 Be6 17. Nh2 Nbd7 18. Ng4 Rac8 19. dxc4 bxc4 20. Nxf6 Nxf6 21. Nh5 Nxh5 22. Bxh5 Rcd8 23. b3 c3 24. Ba3+ Kd7 25. Bg4 Qc6 26. Bxe6+ Qxe6 27. Qd3 Rb8 28. Rab1 Bf8 29. Bxf8 Rhxf8 30. a4 h5 31. Rbd1 Kc7 32. Kh2 g4 33. h4 Rb6 34. Qg3 Kb7 35. f3 Rf4 36. Rxd4 Qf6 37. Rd7+ Ka8 38. Rd3 Rb7 39. Rfd1 Rg7 40. Rd8+ Kb7 41. R8d7+ Rxd7 42. Rxd7+ Kc6 43. Rd3 gxf3 44. Rxc3+ Kd6 45. Rxf3 Qxh4+ 46. Qxh4 Rxh4+ 47. Kg3 Rxe4 48. Rd3+ Kc5 49. Kf3 Rg4 50. Re3 Kd4 51. Rd3+ Kc5 52. Kf2 h4 53. Rd2 Rg3 54. Rd8 e4 55. Rd1 Rc3 56. Rc1 Kd4 57. Ke2 Rg3 58. Kf2 e3+ 59. Kf1 Kc3 60. Rd1 e2+ 61. Kxe2 Kxc2 62. Rd4 Rxg2+ 63. Kf1 h3 64. Rh4 Rg3 65. Rh5 Kxb3 66. Rxa5 h2 67. Kf2 Rh3 0-1

[Event "71.Camp:Prov. Verona"]
[Site "Valeggio sul Mincio ITA"]
[Date "2011.01.30"]
[Round "5.4"]
[White "Zanchetta, Nicola"]
[Black "Oppici, Gabriele"]
[Result "1-0"]
[WhiteElo "1857"]
[BlackElo "2008"]
[Annotator "Gabriele Ballarin"]
[PlyCount "71"]
[EventDate "2011.01.30"]
[EventType "swiss"]
[EventRounds "6"]
[EventCountry "ITA"]

1. e4 Nc6 2. d4 e5 3. dxe5 Nxe5 4. Nf3 Qf6 5. Nxe5 Qxe5 6. Bd3 Bc5 7. Qe2 d6 8. f4 Qe7 9. Be3 Bxe3 10. Qxe3 Nf6 11. Nc3 O-O 12. O-O-O Re8 13. Rde1 c6 14. h3 b5 15. g4 b4 16. Nd1 Qc7 17. g5 Nd7 18. f5 Ne5 19. f6 Qa5 20. Kb1 Be6 21. b3 c5 22. Be2 c4 23. Bg4 Rac8 24. Bxe6 Rxe6 25. Nb2 cxb3 26. axb3 Rc3 27. Qe2 Nf3 28. Rd1 Nxg5 29. Nc4 Qc7 30. e5 dxe5 31. h4 Nf3 32. Qe4 Qb8 33. fxg7 Rg6 34. Rd7 Rxg7 35. Nxe5 Qe8 36. Rhd1 1-0

[Event "71.Camp:Prov. Verona"]
[Site "Valeggio sul Mincio ITA"]
[Date "2011.01.30"]
[Round "6.2"]
[White "Turazza, Andrea"]
[Black "Zanchetta, Nicola"]
[Result "1/2-1/2"]
[WhiteElo "1918"]
[BlackElo "1857"]
[Annotator "Gabriele Ballarin"]
[PlyCount "64"]
[EventDate "2011.01.30"]
[EventType "swiss"]
[EventRounds "6"]
[EventCountry "ITA"]

1. d4 d5 2. c4 e6 3. Nf3 Nf6 4. Bg5 Nbd7 5. e3 c6 6. Nc3 Qa5 7. Qa4 Qxa4 8. Nxa4 Bb4+ 9. Nc3 Ne4 10. Rc1 Nb6 11. cxd5 Nxd5 12. a3 Bxc3+ 13. bxc3 Ndxc3 14. Bd3 h5 15. Bf4 f6 16. Nd2 g5 17. Bc7 Nd5 18. Nxe4 Nxc7 19. Nxf6+ Ke7 20. Ne4 Rg8 21. Be2 h4 22. g3 Bd7 23. Nc5 b6 24. Nxd7 Kxd7 25. Bf3 Nd5 26. Kd2 Raf8 27. Ke2 hxg3 28. hxg3 Rh8 29. Rxh8 Rxh8 30. Rh1 Rxh1 31. Bxh1 Ke7 32. e4 Nf6 1/2-1/2

[Event "43.CIS Serie A2/3"]
[Site "Padova"]
[Date "2011.02.20"]
[Round "1.1"]
[White "Gromovs, Sergejs"]
[Black "Santolini, Luigi"]
[Result "1-0"]
[WhiteElo "2284"]
[BlackElo "2208"]
[Annotator "Gabriele Ballarin"]
[PlyCount "57"]
[EventDate "2011.02.20"]
[EventType "team"]
[EventRounds "1"]
[EventCountry "ITA"]
[WhiteTeam "Padova Obittivo Risarcimento B"]
[BlackTeam "Venezia Canal A"]
[WhiteTeamCountry "ITA"]
[BlackTeamCountry "ITA"]

1. d4 Nf6 2. Nf3 g6 3. c4 Bg7 4. Nc3 O-O 5. e4 d6 6. Be2 c5 7. d5 e6 8. Bg5 h6 9. Bh4 exd5 10. cxd5 Re8 11. Nd2 a6 12. a4 Nbd7 13. O-O g5 14. Bg3 Ne5 15. Bxe5 Rxe5 16. Qc2 Bg4 17. Bxg4 Nxg4 18. h3 Nf6 19. Nc4 Re7 20. Ne3 Nh5 21. Nf5 Rd7 22. Nxg7 Kxg7 23. Nd1 Qf6 24. Ne3 Re8 25. Nf5+ Kg8 26. Ra3 Ng7 27. Ne3 $14 Qd4 $2 28. Ng4 Rxe4 $4 29. Qxe4 1-0

[Event "43.CIS Serie A2/3"]
[Site "Padova"]
[Date "2011.02.20"]
[Round "1.2"]
[White "Rosino, Antonio"]
[Black "Luciani, Valerio"]
[Result "1/2-1/2"]
[WhiteElo "2233"]
[BlackElo "2223"]
[Annotator "Antonio Rosino"]
[PlyCount "91"]
[EventDate "2011.02.20"]
[EventType "team"]
[EventRounds "1"]
[EventCountry "ITA"]
[WhiteTeam "Venezia Canal A"]
[BlackTeam "Padova Obittivo Risarcimento B"]
[WhiteTeamCountry "ITA"]
[BlackTeamCountry "ITA"]

1. e4 c5 2. Nf3 d6 3. d4 cxd4 4. Nxd4 Nf6 5. Nc3 a6 6. Bg5 e6 7. f4 Be7 8. Qf3 Qc7 9. O-O-O Nbd7 10. Be2 b5 11. Bxf6 gxf6 12. f5 (12. Qh5 Nc5 13. a3 Rb8 (13... Bd7 14. Qh6 Qa5 15. Qg7 Rf8 16. Qxh7 $14) 14. f5 e5 15. Nd5 Qb7 16. Ne6 $5 $16 {Sarapu-Ibrahimoglu, olimp. Siegen 1970}) 12... Ne5 13. Qh3 (13. Qg3) 13... b4 14. Nb1 (14. Na4 Bd7 (14... exf5 15. Nxf5 Qc6 16. Qb3 $11) 15. b3) 14... Nc6 15. Bh5 (15. Nxc6 Qxc6 16. Nd2 Bd7 17. Kb1 Rc8 18. Bc4) 15... Nxd4 16. Rxd4 Qc5 17. Rhd1 e5 18. Rd5 Qc4 19. Qd3 Qc7 (19... Qxa2 20. Rxd6 O-O 21. Qg3+ (21. Rc6 $14) 21... Kh8 22. Qh4 Bb7 (22... Bxd6 23. Qxf6+ Kg8 24. Rd3 Re8 25. Rg3+ Kf8 26. Qxd6+ Re7 27. f6) (22... Ra7 23. R6d3) 23. Rd7) (19... Qxd3 20. R5xd3 d5 21. Rxd5 Bb7 22. Nd2) 20. Qe3 (20. Qb3 O-O 21. Qxb4 Bd7 (21... Bb7 22. R5d3 a5 23. Qc3) 22. Nc3 Rab8 23. Qa3) (20. Nd2 Bb7 21. Nc4 Bxd5 22. Qxd5 O-O 23. Bxf7+ Kh8 24. Be6 $14) 20... Bb7 21. R5d2 Qc4 (21... a5) (21... O-O) 22. Re2 Rc8 23. Qb3 (23. b3) 23... Bf8 (23... O-O 24. Qxc4 Rxc4 25. Nd2 Rd4 26. Re3 Rc8 27. Rg3+ $11) 24. Nd2 Bh6 25. Kb1 Bxd2 26. Rdxd2 Qxb3 27. axb3 Ke7 28. Re3 Rc5 29. Bf3 a5 30. c4 Rhc8 (30... bxc3 31. bxc3 $11) 31. Be2 Rg8 32. Bd1 Bc6 33. Bf3 Ra8 34. Red3 a4 35. bxa4 b3 36. Rxb3 Rxc4 37. Rb6 Raxa4 38. b3 Rab4 39. Rxb4 Rxb4 40. Kb2 Bb7 41. Kc3 Rb6 42. Ra2 Kd7 43. Ra4 Rc6+ 44. Rc4 Ra6 45. Ra4 Rc6+ 46. Rc4 1/2-1/2

[Event "43.CIS Serie A2/3"]
[Site "Padova"]
[Date "2011.02.20"]
[Round "1.3"]
[White "Navarro, Stefano"]
[Black "Pastres, Roberto"]
[Result "0-1"]
[WhiteElo "2276"]
[BlackElo "2150"]
[Annotator "Roberto Pastres"]
[PlyCount "64"]
[EventDate "2011.02.20"]
[EventType "team"]
[EventRounds "1"]
[EventCountry "ITA"]
[WhiteTeam "Padova Obittivo Risarcimento B"]
[BlackTeam "Venezia Canal A"]
[WhiteTeamCountry "ITA"]
[BlackTeamCountry "ITA"]

1. e4 c5 2. Nf3 e6 3. d3 Nc6 4. g3 d5 5. Nbd2 g6 6. Bg2 Bg7 7. O-O Nge7 8. Re1 O-O 9. c3 (9. e5 g5 $5) 9... e5 10. exd5 Nxd5 11. Nc4 Re8 (11... f6) 12. Ng5 h6 13. Ne4 Bf8 14. Ned6 $5 Nxc3 15. bxc3 Bxd6 16. Bxh6 Kh7 17. Bd2 Bc7 18. Qf3 Bf5 19. Bf1 (19. g4 $5 Be6 20. Qh3+ Kg7 21. Bxc6 bxc6 22. Nxe5 $13) 19... Qd7 20. Qe3 b5 21. Nb2 b4 22. cxb4 cxb4 23. Rac1 Nd4 24. Bg2 (24. Bxb4 Bb6 $44) 24... Rab8 25. Qh6+ Kg8 26. Bg5 Bd8 27. Nc4 Bxd3 (27... f6 $142 28. Bd2 Be7) 28. Nxe5 Rxe5 29. Rxe5 Ne2+ 30. Rxe2 Bxe2 (30... Bxg5 $142 31. Qxg5 Bxe2) 31. Bf4 Rc8 32. Rxc8 $4 $138 (32. Re1 Rc5) 32... Qd1+ 0-1

[Event "43.CIS Serie A2/3"]
[Site "Padova"]
[Date "2011.02.20"]
[Round "1.4"]
[White "Milazzo, Mario"]
[Black "Quaranta, Cristiano"]
[Result "1-0"]
[WhiteElo "2081"]
[BlackElo "2134"]
[Annotator "M. Milazzo"]
[PlyCount "81"]
[EventDate "2011.02.20"]
[EventType "team"]
[EventRounds "1"]
[EventCountry "ITA"]
[WhiteTeam "Venezia Canal A"]
[BlackTeam "Padova Obittivo Risarcimento B"]
[WhiteTeamCountry "ITA"]
[BlackTeamCountry "ITA"]

1. c4 Nf6 2. Nc3 e6 3. Nf3 d5 4. d4 c6 5. g3 dxc4 6. Bg2 b5 7. Ne5 Qb6 8. a4 Bb7 9. O-O a6 10. e4 Nbd7 11. Nxd7 (11. Be3 Qc7) 11... Nxd7 12. d5 Bc5 13. Qg4 (13. dxe6 fxe6) 13... cxd5 14. exd5 O-O-O 15. axb5 axb5 16. Bf4 e5 17. Be3 (17. Bxe5 h5 18. Qf5 g6 19. Qh3 f6) 17... Bxe3 18. fxe3 h5 19. Qxg7 h4 20. Bh3 Qxe3+ 21. Kg2 Qd2+ (21... hxg3 22. Bxd7+ Kb8 23. Qxg3 Qxg3+ 24. hxg3 Rxd7) 22. Rf2 Qh6 23. Qxh6 Rxh6 24. Rd1 hxg3 25. hxg3 b4 26. Ne4 Rf8 27. Nf6 Rxf6 (27... Rxh3 28. Kxh3 Rd8) 28. Rxf6 Kc7 29. Bxd7 Kxd7 30. Rb6 Kc7 31. Rxb4 Rd8 32. Rxc4+ Kb6 33. Rb4+ Kc7 34. Rc1+ Kb8 35. Rc5 Rd7 36. g4 Ka7 37. Ra5+ Kb8 38. Kf3 Kc8 39. Rc5+ Kd8 40. Ke4 Ke7 41. Kxe5 1-0